[Event "Aragon-chT"]
[Site "Spain"]
[Date "2004.03.20"]
[Round "8.4"]
[White "Fernando Gros, Jorge Luis"]
[Black "Sierra Diego, Vicente"]
[Result "1-0"]
[WhiteElo "2086"]
[BlackElo "1947"]
[PlyCount "87"]
[EventDate "2004.01.??"]
[EventType "team"]
[EventRounds "11"]
[EventCountry "ESP"]
[SourceTitle "EXT 2006"]
[Source "ChessBase"]
[SourceDate "2005.11.24"]
[SourceVersion "1"]
[SourceVersionDate "2005.11.24"]
[SourceQuality "1"]

1. d4 Nf6 2. c4 e6 3. Nc3 c5 4. e3 Nc6 5. Nf3 d5 6. Bd3 dxc4 7. Bxc4 cxd4 8. exd4 a6 9. 0-0 b5 10. Bb3 Bb7 11. a4 b4 12. Ne2 Na5 13. Bc2 Bxf3 14. gxf3 Nd5 15. Ng3 Rc8 16. Qe2 Nc6 17. Be3 a5 18. Rac1 Bd6 19. Kh1 0-0 20. Rg1 Qh4 21. Be4 f5 22. Bxd5 exd5 23. Qa6 Bxg3 24. fxg3 Qf6 25. Rc5 Qe6 26. Qd3 Rfe8 27. Bf4 Qd7 28. Qb5 Re6 29. Rxd5 Qe7 30. Rc5 Qe8 31. d5 Nd4 32. Qc4 Rxc5 33. Qxc5 Nb3 34. Qc4 Re3 35. Bxe3 Qxe3 36. d6+ Kf8 37. Qc8+ Kf7 38. Qxf5+ Ke8 39. Qe4+ Qxe4 40. fxe4 Nc5 41. Rc1 Nxa4 42. e5 Nb6 43. e6 a4 44. Rc6 1-0